| 000 | 00650nam a2200193 i 4500 | ||
|---|---|---|---|
| 001 | 47401 | ||
| 003 | ES-MaACL | ||
| 005 | 20230906161544.0 | ||
| 007 | t| | ||
| 008 | 030407s1965 sp b |||| | spa d | ||
| 100 | 1 |
_aCorchado y Soriano, Manuel. _940483 |
|
| 245 | 1 | 0 |
_aIniciación al estudio geográfico-histórico del priorato de Uclés en la Mancha / _cManuel Corchado Soriano. |
| 260 |
_a[Madrid] : _bInstituto de Estudios Manchegos, _c1965. |
||
| 300 |
_a96 p., 2 mapas ; _c24 cm. |
||
| 610 | 1 | 4 |
_aUclés (Priorato)- _vHistoria. _9201059 |
| 710 | 2 |
_aInstituto de Estudios Manchegos. _94919 |
|
| 852 |
_aES-MaACL _jC-27383 |
||
| 999 |
_c47401 _d47401 |
||